000 00226nam a2200097Ia 4500
008 231212s2003 xx 000 0 und d
041 _aeng
100 _aSen P.C.
245 _aPower Electronic
260 _aBombay
_bTata Mc
_c2003
999 _c969596
_d969596